000 00208nam a22001097a 4500
040 _cSK
082 _a333
100 _aCHAY KONGKRUY
245 _aFisheries ecology
260 _aRUA
_bCHA
_c2012
942 _cKB
999 _c10341
_d10341